Score 0/16 Timer 03:00
2 Plays Today
% Correct
A Nightmare on Elm Street
96.2%
Ghostbusters
95.4%
Caddyshack
94.7%
Die Hard
93.6%
Wall Street
93%
The Shining
92.8%
Baby Boom
90.5%
The Princess Bride
90.3%
% Correct
The Goonies
90.2%
Spaceballs
87.8%
Rain Man
87.1%
Top Gun
82.7%
E.T. the Extra-Terrestrial
81.7%
Full Metal Jacket
74.6%
The Karate Kid
67.3%
The Running Man
64.3%
Remove Ads.
Support Sporcle.
Get the best of Sporcle when you Go Orange. This ad-free experience offers more features, more stats, and more fun while also helping to support Sporcle. Thank you for becoming a member.

You're not logged in!

Compare scores with friends on all Sporcle quizzes.
OR
Log In

Show Comments

Extras

Top Quizzes Today


Score Distribution

Your Account Isn't Verified!

In order to create a playlist on Sporcle, you need to verify the email address you used during registration. Go to your Sporcle Settings to finish the process.

Report this User

Report this user for behavior that violates our Community Guidelines.

Details: